| 000 | 01224nam0a22002651 4500 | ||
|---|---|---|---|
| 001 | rc\787748 | ||
| 005 | 20260406142302.0 | ||
| 035 | _a(NLR Aleph) 006313215 | ||
| 090 |
_a7373904 _c7373904 |
||
| 100 | _a20040301d1984 |||y0rusy50 ca | ||
| 101 | 0 | _arus | |
| 102 | _aRU | ||
| 105 | _ay ||||||||| | ||
| 200 | 1 |
_aXXIV-XXVI съезды КПСС о международной политике партии _eУчеб.-метод. материал _fБелорус. гос. ун-т им. В.И. Ленина. Каф. истории КПСС гуманит. фак. _g[Сост. Ф.И. Мельник, П.С. Романович] |
|
| 210 |
_aМинск _cБГУ _d1984 |
||
| 215 |
_a30 с. _d20 |
||
| 320 | _aБиблиогр. в конце кн. (10 назв.) | ||
| 702 | 1 |
_aМельник _bФ.И. _gФедор Иванович _4220 |
|
| 712 | 0 | 2 |
_4570 _aБелорусский государственный университет им. В. И. Ленина _cМинск _bКафедра истории КПСС гуманитарных факультетов _3RU\NLR\AUTH\889921440 _9338996 |
| 801 | 0 |
_aRU _bNLR _gpsbo |
|
| 801 | 1 |
_aRU _bELAR _2rusmarc |
|
| 852 |
_aNLR _j84-4/25191 |
||
| 942 | _cBOOK | ||
| 980 | _aNB | ||